000 00440nam a2200181Ia 4500
001 534
005 20260306140525.0
008 260306t2005||||xx |||||||||||||| ||spa||
041 _aESP
082 _a126
_bM41
100 _aMelendo Granados, Tomás
_eAUT
245 0 _aIntroducción a la antropología :
_bla persona
260 _c2005
300 _a161 páginas :
_c19 cm.
650 _aGEN
654 _aCHU
942 _cLIB
_dJUS
_fJUS
_2ddc
_n
999 _c534
_d534